Ciudades con apodo - Estadísticas

Estadísticas generales
  • Esta prueba ha sido intentada 2.603 veces
    2.586 desde el último reinicio
  • La puntuación promedio es 12 de 24
Estadísticas de respuestas
Apodo Ciudad % Correcto
La gran manzana Nueva York
90%
La ciudad de la luz París
85%
La ciudad eterna Roma
82%
La ciudad de la moda Milán
77%
La ciudad condal Barcelona
69%
La Venecia del norte Ámsterdam
67%
El París de América Buenos Aires
67%
La ciudad del pecado (Sin city) Las Vegas
63%
La cuna de la civilización Atenas
62%
La ciudad de la cerveza Múnich
60%
La ciudad prohibida Pekín
58%
La cuna de Bolívar Caracas
57%
La La Land Los Ángeles
56%
La Atenas sudamericana Bogotá
46%
La capital de Turia Valencia
37%
La ciudad del motor Detroit
35%
La madre del mundo El Cairo
34%
La ciudad de las tres culturas Toledo / Granada
31%
La ciudad del espacio Houston
25%
La perla de oriente Shanghái / Hong Kong
25%
La ciudad blanca Lisboa
16%
La Bella Easo San Sebastián
15%
La ciudad de los tigres Oslo
14%
La gran piña Honolulu
6%
No se encontraron pruebas coincidentes
Distribución de puntuación
Porcentaje de gente con cada puntuación
Porcentaje por número respondido
Historial de tus puntuaciones
No has intentado esta prueba desde el último reinicio